000 01203nam a22002297a 4500
005 20250502161421.0
008 250502b |||||||| |||| 00| 0 eng d
020 _a978-81-908319-0-1 (hbk)
037 _cTB
040 _aCRL
_cCRL
041 _2hin
_ahin
084 _aO152,3M80:g P9
_qCRL
100 _aशर्मा, रामकिशोर
_9753826
245 _aप्रेमचंद की कहानियाँ संवेदना और शिल्प:
_bमानसरोवर भाग 1 तथा मंजूषा में सम्मिलित कहानियों की समीक्षा सहित
260 _aइलाहाबाद, भारत:
_bलोकभारती:
_c2009.
300 _a188पृ0
365 _b225.00
_cINR
650 _aहिन्दी कहानी
650 _aहिन्दी साहित्य
942 _2CC
_cTB
_hO152,3M80:g P9
_n0
999 _c1309979
_d1309979